00993nam a2200241 a 450000100100000000500170001000800410002702000150006804000250008308200190010810000420012724501550016926000900032430000260041449000230044065000320046365000320049570000450052783000300057204900090060295201230061199900170073400002505620200930023533.0110209s2001 bl r 000 0 por d a8520911722 aDO-SdBNPbspacBNPHU aB869.98bM514c1 aMeireles, Cecíliad1901-196495140810aCrônicas de educação 1 :b(obra em prosa) /cCecília Meireles ; apresentação e planejamento editorial de Leodegário A. de Azevedo Filho. aRio de Janeiro, (Brasil) :bNova Fronteira : Fundação Biblioteca Nacional,c2001. a252, [2] p. ;c21 cm.1 aCecília Meireles 4aCuentos brasileños924191 4aLiteratura brasileña98231 aAzevedo Filho, Leodegário A. de951409 0aCecília Meireles951410 aBNGR 001054708MOaGRbGRcCTd2011-02-09iLF1l0oB869.98 M514cp25056-10r2020-06-25w2020-06-25y4ZPréstamo en sala c24549d24549